El espacio financiero / (Record no. 87562)

MARC details
000 -LEADER
campo de control de longitud fija 00576nam a2200169 i 4500
001 - NÚMERO DE CONTROL
campo de control 87562
003 - IDENTIFICADOR DE NÚMERO DE CONTROL
campo de control ES-MaACL
005 - FECHA Y HORA DE LA ÚLTIMA TRANSACCIÓN
campo de control 20230906175708.0
007 - CAMPO FIJO DE DESCRIPCIÓN FÍSICA--INFORMACIÓN GENERAL
campo de control de longitud fija t|
008 - DATOS DE LONGITUD FIJA--INFORMACIÓN GENERAL
campo de control de longitud fija 041222s1976 sp ||||1| spa d
100 1# - ENTRADA PRINCIPAL--NOMBRE DE PERSONA
Nombre de persona Labasse, Jean.
9 (RLIN) 69219
245 13 - MENCIÓN DEL TÍTULO
Título El espacio financiero /
Mención de responsabilidad, etc. Jean Labasse ; [presentación y algunos gráficos sobre el espacio financiero español, José María Sanz García].
260 ## - PUBLICACIÓN, DISTRIBUCIÓN, ETC.
Lugar de publicación, distribución, etc. Madrid :
Nombre del editor, distribuidor, etc. Tecnibar,
Fecha de publicación, distribución, etc. [1976]
300 ## - DESCRIPCIÓN FÍSICA
Extensión XXVI, 318 p. :
Otras características físicas il. ;
Dimensiones 23 cm.
700 1# - ENTRADA AGREGADA--NOMBRE PERSONAL
Nombre de persona Sanz García, José María.
9 (RLIN) 103643
852 ## - LOCALIZACIÓN
Ubicación ES-MaACL
Número de control de estantería A-6469
Sublocalización o colección R.95448
Holdings
Estatus retirado Estado de pérdida Estado de daño No para préstamo Biblioteca de origen Biblioteca actual Ubicación en estantería Fecha de adquisición Fuente de adquisición Total de préstamos Signatura topográfica completa Código de barras Visto por última vez Precio de reemplazo Tipo de ítem Koha
        Biblioteca del Ateneo de Madrid Biblioteca del Ateneo de Madrid Sala Pecera Planta 1 17/01/2008     A-6469 1091478 23/02/2023 23/02/2023 Libro impreso